000 00609nam a2200193 a 4500
001 000010838
005 20200929162312.0
008 091012s1998 dr 001 0 spa d
040 _aDO-SdBNP
_bspa
_cBNPHU
082 _axxx
_bR466c
100 1 _aReynoso, Fernando
_926161
245 1 0 _aCruce al porvenir /
_cFernando Reynoso; prólogo Adriano De la Cruz.
250 _a2a ed.
260 _aSanto Domingo :
_bDe Colores,
_c1998.
300 _a171 p. ;
_c21 cm.
500 _aIncluye datos biográficos del autor en la solapa de la cubierta
700 1 _aDe la Cruz, Adriano
_epról.
_911146
049 _aBNPD
999 _c10587
_d10587